000 00795nam a2200229Ii 4500
003 JO-AjNU
008 230605s9999||||xx |||||||||||||| ||und||
017 _a2012/14202
020 _a978-977-328-985.0
040 _aJO-AjNU
_bara
_erda
_cJO-AjNU
041 _aara
050 1 4 _ak2400.2013
100 3 _a الشريفي ، رضوان هاشم حمدون ,
_eauthor
_944301
245 0 0 _aنحو نظام قانوني للتحكيم الإلكتروني
250 _a(د،ط)
264 3 1 _aالاسكندرية : دار الجامعة الجديدة ، 2013
300 _a188ص
336 _atext
_btxt
_2rdacontent
337 _aunmediated
_bn
_2rdamedia
338 _avolume
_bnc
_2rdacarrier
650 4 _aالتحكيم الالكتروني -- قوانيين وتشريعات
_944302
999 _aA19117
_c22685
_d22685